Текст томруулах:    
The child care professional (Бичлэгийн дугаар. 145759)
000 -УДИРДЛАГА
Удирдлага 00950nam a22003257a 4500
003 - ХЯНАЛТЫН ТОО ТОДОРХОЙЛОГЧ
Код MN-UlNUM
005 - БИЧИЛТ ХИЙСЭН ОГНОО
Тухайн бичилтийг бичсэн засварласан сүүлийн огноо 20251127085754.0
008 - ЕРӨНХИЙ МЭДЭЭЛЭЛ
Ерөнхий мэдээлэл 251127b1996 nyua|j|| |||| 001 0 eng d
020 ## - ISBN
ISBN 0026757729
040 ## - БИЧЛЭГ ҮҮСГЭГЧ БАЙГУУЛЛАГА
Бичлэг үүсгэгч номын сангийн код МУИС-ийн номын сан
084 ## - ББК АНГИЛАЛ
Нэмэлт тусгалт Бусад
ББК ангилал 60.54
Зохиогчийн гурван тэмдэгт S 83
Мэдлэгийн ялгаа 6 - Нийгэм
100 1# - ЗОХИОГЧ
Зохиогчийн нэр Stephens, Karen
Зохиогчийн бүтэн овог нэр (Karen Jo)
245 14 - ҮНДСЭН ГАРЧИГ
Номын нэр The child care professional
Оролцогчдын тухай мэдээ Karen Stephens.
260 ## - ГАРАЛТЫН МЭДЭЭ
Хэвлэгдсэн газар New York, N.Y. :
Хэвлэлийн газар Glencoe/McGraw-Hill,
Хэвлэгдсэн он
300 ## - МАТЕРИАЛЫН ТОДОРХОЙЛОЛТ
хуудасны тоо v. <2 > :
Бусад тоон мэдээлэл col. ill. ;
Хэмжээ 26 cm.
500 ## - Тайлбар
Дансны дугаар БС 4188
546 ## - ХЭЛНИЙ ТУХАЙ МЭДЭЭ
Хэл Англи хэл дээр,
653 ## - Түлхүүр үг
Түлхүүр үг child care workers
653 ## - Түлхүүр үг
Түлхүүр үг early childhood education
653 ## - Түлхүүр үг
Түлхүүр үг children and adults
653 ## - Түлхүүр үг
Түлхүүр үг day care centers
653 ## - Түлхүүр үг
Түлхүүр үг education, Preschool
740 ## - НОМЫН ГАРЧИГ
Гарчиг Families and Child Care
740 ## - НОМЫН ГАРЧИГ
Гарчиг Your Role in Child Care
740 ## - НОМЫН ГАРЧИГ
Гарчиг Basic Principles of Development
740 ## - НОМЫН ГАРЧИГ
Гарчиг Understanding Infants
740 ## - НОМЫН ГАРЧИГ
Гарчиг Understanding Toddlers
942 ## - ЭЛЕМЕНТИЙН ТӨРӨЛ
Зүйлийн төрөл Ном